[Event "33rd Benasque Open"]
[Site "Benasque ESP"]
[Date "2013.07.06"]
[Round "3.1"]
[White "Khaetsky,R"]
[Black "Granda Zuniga,J"]
[Result "0-1"]
[WhiteElo "2424"]
[BlackElo "2679"]

1.e4 c5 2.c3 Nf6 3.e5 Nd5 4.d4 cxd4 5.Nf3 e6 6.cxd4 b6 7.Bc4 Bb7 8.Bxd5 Bxd5
9.O-O Qc8 10.Nc3 Qb7 11.Be3 Be7 12.Nxd5 Qxd5 13.Qb3 Nc6 14.Qxd5 exd5 15.Ne1 d6
16.Nd3 dxe5 17.Nxe5 Nxe5 18.dxe5 Kd7 19.Rad1 Ke6 20.f4 Bc5 21.Bd4 g6 22.Kf2 Rac8
23.Ke3 Bxd4+ 24.Rxd4 Rc2 25.Rfd1 Rd8 26.R1d2 Rc1 27.Rd1 Rxd1 28.Rxd1 Rc8
29.Rd3 Rc2 30.Ra3 Rxg2 31.Rxa7 Rxh2 32.b3 Rh3+ 33.Ke2 h5 34.Rb7 d4 35.Rxb6+ Kf5
36.Rf6+ Ke4 37.Kd2 Rh2+ 38.Kc1 Rxa2 39.Rxf7 d3 40.e6 h4 41.Rd7 Kxf4 42.Rd4+ Kg5
43.Rxd3 Re2 44.b4 Rxe6 45.b5 Kg4 46.Rd4+ Kh5 47.Rd3 g5 48.Kd2 Kg4 49.Re3 Rb6
50.Re4+ Kf3 51.Re3+ Kg4 52.Re4+ Kh5 53.Rb4 h3 54.Rb1 Kh4 55.Ke2 h2  0-1

[Event "33rd Benasque Open"]
[Site "Benasque ESP"]
[Date "2013.07.07"]
[Round "4.1"]
[White "Granda Zuniga,J"]
[Black "Gordon,S"]
[Result "1-0"]
[WhiteElo "2679"]
[BlackElo "2521"]

1.Nf3 c5 2.c4 g6 3.d4 cxd4 4.Nxd4 Bg7 5.e4 Nc6 6.Be3 Nf6 7.Nc3 O-O 8.Be2 d6
9.O-O Bd7 10.Qd2 Nxd4 11.Bxd4 a5 12.f3 Bc6 13.Bf2 Nd7 14.b3 Nc5 15.Rab1 Be5
16.Rfd1 e6 17.Bf1 Qf6 18.Rbc1 Kh8 19.Ne2 g5 20.Qe3 Qg6 21.Bg3 Nd7 22.Rxd6 Bxd6
23.Bxd6 Rfe8 24.e5 f6 25.exf6 Qxf6 26.Rd1 e5 27.Ba3 e4 28.f4 gxf4 29.Nxf4 Ne5
30.Rd6 Qf5 31.Bb2 Kg8 32.Be2 Re7 33.Nd5 Bxd5 34.Rxd5 Rae8 35.Qg3+ Kf7 36.h3 e3
37.Kh2 Qf2 38.Bh5+ Ng6 39.Qxf2+ exf2 40.Rf5+ Kg8 41.Rxf2 Rd7 42.Bg4 Rf7 43.Rd2 Ne5
44.Bh5 Ng6 45.Bf3 Rc7 46.Bd5+ Kf8 47.Bd4  1-0

[Event "33rd Benasque Open"]
[Site "Benasque ESP"]
[Date "2013.07.08"]
[Round "5.1"]
[White "Vazquez Igarza,R"]
[Black "Granda Zuniga,J"]
[Result "1/2-1/2"]
[WhiteElo "2571"]
[BlackElo "2679"]

1.d4 Nf6 2.c4 e6 3.Nc3 Bb4 4.Nf3 c5 5.g3 Ne4 6.Qd3 cxd4 7.Nxd4 Bxc3+ 8.bxc3 Nc5
9.Qe3 b6 10.Bg2 Bb7 11.Bxb7 Nxb7 12.Ba3 Na6 13.Nf5 Qf6 14.Nd6+ Nxd6 15.Bxd6 Rc8
16.Rd1 Rxc4 17.O-O Rxc3 18.Qd2 Rc4 19.Be5 Qd8 20.Qd3 d5 21.Bxg7 Rg8 22.Qxh7 Ke7
23.f4 Nc5 24.f5 Kd6 25.fxe6 fxe6 26.Bf6 Qb8 27.Bd4 Ne4 28.Rf7 Ng5 29.Rd7+ Kc6
30.Rc7+ Qxc7 31.Qxg8 Qe7 32.Qa8+ Kb5 33.Rb1+ Rb4 34.a4+ Kc4 35.Rd1 Qd7 36.Be3 Ne4
37.Rc1+ Kb3 38.Rb1+ Kc4 39.Rc1+ Kb3 40.Rb1+ Kc4 41.Rc1+  1/2-1/2

[Event "33rd Benasque Open"]
[Site "Benasque ESP"]
[Date "2013.07.09"]
[Round "6.2"]
[White "Granda Zuniga,J"]
[Black "Kharitonov,Alexandr"]
[Result "1-0"]
[WhiteElo "2679"]
[BlackElo "2538"]

1.c4 c6 2.b3 d5 3.Bb2 Nf6 4.Nf3 Bf5 5.d3 h6 6.Nbd2 e6 7.g3 Bc5 8.Bg2 O-O
9.O-O Bh7 10.a3 a5 11.Ra2 Re8 12.Qa1 Bf8 13.Rb1 Nbd7 14.h3 b5 15.Rc1 Rc8
16.Bc3 Qb6 17.Bf1 Bd6 18.d4 Bf8 19.e3 Ra8 20.Ne1 Qb7 21.Nd3 b4 22.axb4 axb4
23.Bb2 Rxa2 24.Qxa2 Ra8 25.Qb1 Ne4 26.Nxe4 Bxe4 27.c5 Ra5 28.Qc2 e5 29.Qd1 Bxd3
30.Bxd3 e4 31.Bf1 Ra2 32.Rb1 g5 33.g4 f5 34.gxf5 Nf6 35.Qd2 Qd7 36.Ra1 Rxa1
37.Bxa1 Qxf5 38.Qxb4 g4 39.Qb8 h5 40.Qg3 Kf7 41.Bc3 Be7 42.hxg4 Nxg4 43.Be2 Bd8
44.Be1 Qd7 45.Qh3 Kg6 46.f3 exf3 47.Bd3+ Kh6 48.Qxf3 Bg5 49.Bf2 Qg7 50.Kh1 Qe7
51.Bg1 Nxe3 52.b4 Qe8 53.b5 cxb5 54.c6 Nc4 55.Qf5 Qg8 56.c7 Nd6 57.Qe5 Nc8
58.Be3 Bxe3 59.Qf6+  1-0

[Event "33rd Benasque Open"]
[Site "Benasque ESP"]
[Date "2013.07.10"]
[Round "7.1"]
[White "Iturrizaga,E"]
[Black "Granda Zuniga,J"]
[Result "1-0"]
[WhiteElo "2642"]
[BlackElo "2679"]

1.Nf3 d5 2.d4 Nf6 3.c4 c6 4.Nc3 g6 5.Bf4 dxc4 6.e3 b5 7.a4 b4 8.Nb1 Ba6 9.Bxb8 Rxb8
10.Nbd2 c5 11.Bxc4 Bxc4 12.Nxc4 Bg7 13.O-O O-O 14.Rc1 Rc8 15.Qb3 Qd5 16.Rfd1 Ne4
17.h3 Rfd8 18.Nfe5 e6 19.Qc2 Qa8 20.Na5 Bf6 21.Nec6 Rxc6 22.Qxe4 Rc7 23.Qf4  1-0

[Event "33rd Benasque Open"]
[Site "Benasque ESP"]
[Date "2013.07.11"]
[Round "8.4"]
[White "Granda Zuniga,J"]
[Black "Fenollar Jorda,M"]
[Result "1-0"]
[WhiteElo "2679"]
[BlackElo "2397"]

1.d4 d5 2.Nf3 Nf6 3.c4 dxc4 4.Qa4+ c6 5.Qxc4 Bf5 6.g3 Nbd7 7.Bg2 e6 8.O-O Be7
9.Nc3 O-O 10.a4 a5 11.e3 Ne4 12.Rd1 Qb6 13.Ne1 Nxc3 14.bxc3 Qa6 15.Qa2 e5
16.Ba3 Bxa3 17.Qxa3 Rfe8 18.e4 Bg4 19.Rd2 Be2 20.Rb1 Bc4 21.Bh3 Nf6 22.f3 Rad8
23.Qc5 exd4 24.cxd4 b5 25.Nc2 b4 26.Ne3 Be6 27.Bxe6 Rxe6 28.Nc4 Ra8 29.Ne5 Qb7
30.Nc4 Nd7 31.Qg5 h6 32.Qf4 Nb6 33.Nb2 Rd8 34.Rc1 Red6 35.Qe5 f6 36.Qc5 Qc7
37.Qxa5 Rxd4 38.Rxd4 Rxd4 39.Qc5 Qd7 40.Qxb6 Rd2 41.Qxb4  1-0

[Event "33rd Benasque Open"]
[Site "Benasque ESP"]
[Date "2013.07.12"]
[Round "9.3"]
[White "Lalic,B"]
[Black "Granda Zuniga,J"]
[Result "1/2-1/2"]
[WhiteElo "2489"]
[BlackElo "2679"]

1.c4 c5 2.Nf3 Nc6 3.Nc3 g6 4.e3 d6 5.d4 Bg7 6.h3 Nf6 7.d5 Ne5 8.Nxe5 dxe5
9.e4 O-O 10.Be2 Ne8 11.O-O Nd6 12.a3 a5 13.Rb1 b6 14.b4 axb4 15.axb4 Ba6
16.bxc5 bxc5 17.Be3 Qc7 18.Qb3 Rfb8 19.Nb5 Qc8 20.Qc2 f5 21.f3 f4 22.Bf2 Bf8
23.Rb2 e6 24.Rd1 exd5 25.Rxd5 Nf7 26.Rb1 Bb7 27.Rdd1 Bc6 28.Ra1 Rxa1 29.Rxa1 Ra8
30.Ra7 Qb8 31.Qa2 Rxa7 32.Qxa7 Qxa7 33.Nxa7 Bd7 34.Nb5 Nd8 35.Nc7 Nc6 36.Nd5 Kf7
37.Kf1 Nd4 38.Nb6 Be6 39.Bd1 Bd6 40.Be1 Bc7 41.Nd5 Bd8 42.Bc3 Bd7 43.Bxd4 cxd4
44.Nb4 Be7 45.Nd3 Kf6 46.Kf2 Be6 47.Bb3 g5 48.g4 fxg3+ 49.Kxg3 h5 50.h4 gxh4+
51.Kxh4 Kg6+ 52.Kg3 h4+ 53.Kf2 Kf6 54.f4  1/2-1/2

[Event "33rd Benasque Open"]
[Site "Benasque ESP"]
[Date "2013.07.13"]
[Round "10.3"]
[White "Granda Zuniga,J"]
[Black "Vocaturo,D"]
[Result "1/2-1/2"]
[WhiteElo "2679"]
[BlackElo "2536"]

1.d4 Nf6 2.c4 g6 3.f3 Bg7 4.e4 O-O 5.Ne2 c6 6.Nbc3 d5 7.cxd5 cxd5 8.e5 Ne8
9.Be3 Nc6 10.Qd2 Nc7 11.g3 f6 12.f4 Bf5 13.Bg2 Qd7 14.O-O Bh3 15.exf6 Rxf6
16.Bxh3 Qxh3 17.Nd1 Qd7 18.Nf2 Ne8 19.Nd3 Nd6 20.Ne5 Qe8 21.Nc3 e6 22.Bf2 Rd8
23.Rac1 Rf8 24.Rfe1 g5 25.Nxc6 bxc6 26.fxg5 Qg6 27.b3 e5 28.dxe5 Nf7 29.Qc2 Qh5
30.Qe2 Qxg5 31.Bc5 Nxe5 32.Bxf8 Rxf8 33.Rf1 Rf3 34.Kh1 Re3 35.Qg2 h6 36.Rc2 Nd3
37.Nd1 Ne1 38.Nxe3 Nxg2 39.Nxg2 Qg6 40.Re2 c5 41.Nh4 Qh5 42.Re6 d4 43.Rf5 Qd1+
44.Kg2 d3 45.Re8+ Kh7 46.Rf7 Qc2+ 47.Rf2 d2 48.Ree2 Bc3 49.Nf3 Qxa2 50.Nxd2 Bxd2
51.Rxd2 Qxb3 52.Rd7+ Kg6 53.Rxa7 Qd5+ 54.Rf3 c4 55.Ra3 Qd2+ 56.Rf2 Qd5+ 57.Raf3 Qe4
58.h3 h5 59.h4 c3 60.Kh2 Qc6 61.Rxc3 Qxc3 62.Rf4 Qd2+ 63.Kg1 Qe3+ 64.Kg2 Kg7
65.Kh2 Kg6 66.Kg2 Kg7 67.Kh2 Kg6  1/2-1/2

[Event "FIDE World Cup 2013"]
[Site "Tromso NOR"]
[Date "2013.08.11"]
[Round "1.50"]
[White "Melkumyan,H"]
[Black "Granda Zuniga,J"]
[Result "1/2-1/2"]
[WhiteElo "2632"]
[BlackElo "2664"]

1.d4 e6 2.c4 Bb4+ 3.Bd2 Qe7 4.g3 Nf6 5.Bg2 d5 6.Nf3 Ne4 7.O-O Nxd2 8.Nbxd2 c6
9.e4 O-O 10.Qb3 Rd8 11.Rfd1 Ba5 12.Rac1 Na6 13.a3 Bb6 14.Qe3 dxc4 15.Nxc4 Bc7
16.Nfe5 Bd7 17.d5 Be8 18.Nd3 b5 19.Nce5 cxd5 20.exd5 exd5 21.Ng4 Qe6 22.Qf3 Qe4
23.Ne3 Qxf3 24.Bxf3 Bd6 25.Bxd5 Rab8 26.b4 g6 27.Bb3 Rbc8 28.Nd5 Kg7 29.h4 Nb8
30.Rxc8 Rxc8 31.N3f4 Nc6 32.Ne3 Be5 33.Nd3 Bd4 34.Rc1 Ne7 35.Rxc8 Nxc8 36.Nd5 Nd6
37.Nc7 Bc6 38.Nc5 Bxc5 39.bxc5 Ne4 40.Na6 Bb7 41.Bc2 Kf6 42.Nc7 Nc3 43.Bd3 a6
44.c6 Bc8 45.f4 Ke7 46.Kf2 Kd6 47.Ne8+ Kxc6 48.Nf6 h6 49.g4 a5 50.f5 b4 51.axb4 a4
52.Bc4 Kd6 53.Bxf7 Ke5 54.Ng8 gxf5 55.gxf5 Bxf5 56.Ke3 a3 57.Kd2 Ne4+ 58.Kc1 Nf2
59.b5 Nd3+ 60.Kd2 Be6 61.b6 Nc5 62.Bxe6 Kxe6 63.Kc2 a2 64.Kb2 Na4+ 65.Kxa2 Nxb6
66.Nxh6 Ke5  1/2-1/2

[Event "FIDE World Cup 2013"]
[Site "Tromso NOR"]
[Date "2013.08.12"]
[Round "2.50"]
[White "Granda Zuniga,J"]
[Black "Melkumyan,H"]
[Result "1/2-1/2"]
[WhiteElo "2664"]
[BlackElo "2632"]

1.Nf3 Nf6 2.c4 c5 3.Nc3 Nc6 4.e3 e6 5.d4 d5 6.cxd5 exd5 7.Bb5 Bd6 8.dxc5 Bxc5
9.O-O O-O 10.b3 Bg4 11.Bb2 a6 12.Be2 Qd6 13.h3 Bh5 14.Nh4 Bg6 15.Nxg6 hxg6
16.Bf3 Rad8 17.Ne2 Rfe8 18.Qc2 Ba7 19.Rad1 Ne5 20.Bxe5 Qxe5 21.Rd3 Bb8 22.g3 Qf5
23.Bg2 Ne4 24.Qd1 Rd6 25.Nf4 Red8 26.Qb1 Nf6 27.Nxd5 Rxd5 28.Rxd5 Nxd5 29.Qxf5 gxf5
30.Rd1 Kf8 31.Rxd5 Rxd5 32.Bxd5 b6 33.f4 Bd6 34.Kf2 a5 35.Kf3 Ke7 36.Bc4 Bb4
37.h4 g6 38.g4 fxg4+ 39.Kxg4 Kf6 40.e4 Kg7 41.e5 Be7 42.h5  1/2-1/2

[Event "FIDE World Cup 2013"]
[Site "Tromso NOR"]
[Date "2013.08.13"]
[Round "1.9"]
[White "Melkumyan,H"]
[Black "Granda Zuniga,J"]
[Result "0-1"]
[WhiteElo "2632"]
[BlackElo "2664"]

1.d4 d5 2.c4 c6 3.cxd5 cxd5 4.Bf4 Nc6 5.e3 Nf6 6.Nc3 a6 7.Bd3 e6 8.h3 Bd6
9.Bxd6 Qxd6 10.f4 g5 11.g3 gxf4 12.gxf4 Bd7 13.Nf3 O-O-O 14.Ne5 Be8 15.Qe2 Kb8
16.O-O-O Nd7 17.Kb1 Nb4 18.Ka1 Nxd3 19.Nxd3 f6 20.Na4 b6 21.Rc1 Bg6 22.a3 a5
23.Nc3 Rc8 24.Nb5 Qe7 25.Nf2 Kb7 26.Qd2 Nb8 27.Nd3 Qd7 28.a4 Na6 29.b3 Qe7
30.Kb2 Nc7 31.Nc3 Ne8 32.h4 Nd6 33.Nf2 Bf5 34.Rhg1 Rhg8 35.Qe2 Rxg1 36.Rxg1 Nc4+
37.bxc4 Qb4+ 38.Ka1 Qxc3+ 39.Qb2 Rxc4 40.Qxc3 Rxc3 41.Nd1 Ra3+ 42.Kb2 Rxa4
43.Rg7+ Ka6 44.Nc3 Rb4+ 45.Ka2 Rc4 46.Kb2 a4 47.Rg8 Kb7 48.Rg7+ Ka6 49.Rg8 Kb7
50.Rf8 b5 51.Rf7+ Kb6 52.Rf8 Kb7 53.Re8 a3+ 54.Kb3 Bc2+ 55.Kxc2 b4 56.Re7+ Kc8
57.Ra7 Rxc3+ 58.Kb1 Rxe3 59.Kc2 b3+ 60.Kd2 b2 61.Kxe3 b1=Q 62.Ra8+ Kb7 63.Rh8 Qb3+
64.Kf2 Qc2+ 65.Kg3 a2 66.f5 Qxf5 67.Rc8  0-1

[Event "FIDE World Cup 2013"]
[Site "Tromso NOR"]
[Date "2013.08.14"]
[Round "2.1"]
[White "Granda Zuniga,J"]
[Black "Leko,P"]
[Result "1-0"]
[WhiteElo "2664"]
[BlackElo "2744"]

1.c4 c5 2.g3 g6 3.Bg2 Bg7 4.Nc3 Nc6 5.Nf3 d6 6.O-O e6 7.a3 Nge7 8.b4 O-O
9.Rb1 b6 10.e3 Bb7 11.Qe2 Qd7 12.Rd1 Rac8 13.bxc5 dxc5 14.Bb2 Rfd8 15.d3 Na5
16.h4 Nf5 17.h5 Nd6 18.hxg6 hxg6 19.Ng5 Qe7 20.Bxb7 Naxb7 21.f4 f6 22.Nf3 Nf7
23.Kg2 Rd7 24.Ne4 Nbd6 25.Nf2 Ne8 26.e4 Rcd8 27.Rh1 f5 28.e5 g5 29.fxg5 Nxg5
30.Nxg5 Qxg5 31.Bc1 Qg6 32.Bf4 Rd4 33.Qf3 Rxf4 34.Qxf4 Rd4 35.Qe3 f4 36.Qf3 Qxg3+
37.Qxg3 fxg3 38.Kxg3 Bxe5+ 39.Kg2 Ng7 40.Rbe1 Bf6 41.Re4 Rd7 42.Ng4 Bb2 43.Rh3 Kf7
44.a4 Ke7 45.Kf1 Kd6 46.Rh7 Rf7+ 47.Ke2 Bd4 48.Ne3 Rc7 49.Nc2 Bc3 50.Na3 a6
51.Nb1 Bb4 52.Nd2 Ne8 53.Rh8 Re7 54.Reh4 Bxd2 55.Kxd2 Nf6 56.a5 bxa5 57.Ra8 Rb7
58.Rxa6+ Ke5 59.Rxa5 Kd6 60.Ra6+ Kd7 61.Rh6 Rb2+ 62.Kc3 Rf2 63.Rg6  1-0

[Event "FIDE World Cup 2013"]
[Site "Tromso NOR"]
[Date "2013.08.15"]
[Round "2.2"]
[White "Leko,P"]
[Black "Granda Zuniga,J"]
[Result "1/2-1/2"]
[WhiteElo "2744"]
[BlackElo "2664"]

1.e4 e5 2.Nf3 Nc6 3.Bb5 Nf6 4.d3 Bc5 5.c3 O-O 6.O-O d6 7.h3 Ne7 8.d4 Bb6
9.Re1 Ng6 10.Qc2 c6 11.Bd3 Nh5 12.Bf1 Nhf4 13.dxe5 dxe5 14.Be3 Nh4 15.Nxh4 Qxh4
16.Nd2 Be6 17.Bxb6 axb6 18.a4 Rad8 19.Re3 Rd6 20.Nf3 Qf6 21.Rd1 Rxd1 22.Qxd1 Rd8
23.Qc2 h5 24.h4 Bg4 25.g3 Nh3+ 26.Kg2 g5 27.hxg5 Nxg5 28.Nxg5 Qxg5 29.Rd3 Rxd3
30.Qxd3 h4 31.gxh4 Qxh4 32.b4 Kg7 33.Qg3 Qxg3+ 34.Kxg3 Be6 35.Bh3 Bxh3 36.Kxh3 b5
37.a5 Kg6 38.Kg4 f6 39.f3 f5+ 40.Kh4 fxe4 41.fxe4 Kh6 42.Kg4 Kg6  1/2-1/2

[Event "FIDE World Cup 2013"]
[Site "Tromso NOR"]
[Date "2013.08.17"]
[Round "3.1"]
[White "Granda Zuniga,J"]
[Black "Giri,A"]
[Result "0-1"]
[WhiteElo "2664"]
[BlackElo "2737"]

1.Nf3 Nf6 2.c4 e6 3.Nc3 d5 4.cxd5 exd5 5.d4 Be7 6.Bg5 c6 7.e3 Bf5 8.Nd2 O-O
9.Be2 Nbd7 10.g4 Be6 11.Bf4 c5 12.O-O cxd4 13.exd4 Qb6 14.Nb3 a5 15.a4 Rac8
16.Rc1 Nb8 17.Nb5 Na6 18.f3 Rxc1 19.Qxc1 Rc8 20.Qd2 Bb4 21.Qd3 Ne8 22.Rc1 Rxc1+
23.Nxc1 Qc6 24.Qd1 Nac7 25.Na2 Be7 26.Qd2 Qb6 27.Nac3 h6 28.Kg2 Na6 29.Bg3 Qd8
30.f4 g6 31.Qe3 Ng7 32.h3 Nb4 33.Bf3 h5 34.Qe2 Qd7 35.Nd1 hxg4 36.hxg4 Qc6
37.Be1 b6 38.Ne3 Qd7 39.Qd2 Ne8 40.Qe2 Ng7 41.Bd2 Nc6 42.Kf1 Bb4 43.Bc3 Bxc3
44.bxc3 Ne7 45.Ke1 Qc8 46.Kd2 Qb8 47.Ng2 f6 48.Kc2 Kf7 49.Kb2 Bd7 50.Ne3 Bc6
51.Qg2 Bxb5 52.Bxd5+ Ke8 53.Qh2 Qd6 54.axb5 Nxd5  0-1

[Event "FIDE World Cup 2013"]
[Site "Tromso NOR"]
[Date "2013.08.19"]
[Round "3.4"]
[White "Giri,A"]
[Black "Granda Zuniga,J"]
[Result "1/2-1/2"]
[WhiteElo "2737"]
[BlackElo "2664"]

1.d4 Nf6 2.c4 e6 3.Nc3 Bb4 4.Qc2 d5 5.cxd5 Qxd5 6.Nf3 Qf5 7.Qb3 Nc6 8.Bd2 O-O
9.h3 Bxc3 10.Bxc3 b6 11.g4 Qd5 12.Bg2 Qxb3 13.axb3 Bb7 14.O-O Rfc8 15.Rfc1 Ne7
16.b4 Ne8 17.b5 Ng6 18.Bb4 Nf4 19.Bf1 Nd3 20.exd3 Bxf3 21.Be7 f6 22.Ra4 Kf7
23.Ba3 Rd8 24.Kh2 Rd7 25.Kg3 Bb7 26.Kf4 a6 27.bxa6 Rxa6 28.Rxa6 Bxa6 29.Ke3 Bb7
30.Be2 Bd5 31.Bb4 Rd8 32.h4 Ra8 33.f4 c6 34.h5 Nc7 35.g5 Nb5 36.h6 g6 37.Bd1 f5
38.Be1 Ke8 39.Bb4 Kd7 40.Bc2 Nc7 41.Kd2 Nb5 42.Bc3 Nc7 43.Bd1 Nb5 44.Kc2 Nc7
45.Kd2 Nb5 46.Be2 Nc7 47.Ke3 Nb5 48.Bd1 Nc7 49.Bd2 Nb5 50.b3 Nc7 51.Rc4 Ra1
52.Be2 b5 53.Rc1 Rxc1 54.Bxc1 Bxb3 55.Bf3  1/2-1/2

[Event "FIDE World Cup 2013"]
[Site "Tromso NOR"]
[Date "2013.08.20"]
[Round "4.1"]
[White "Caruana,F"]
[Black "Granda Zuniga,J"]
[Result "1-0"]
[WhiteElo "2796"]
[BlackElo "2664"]

1.e4 e5 2.Nf3 Nc6 3.d4 exd4 4.Nxd4 Nf6 5.Nxc6 bxc6 6.e5 Qe7 7.Qe2 Nd5 8.c4 Nb6
9.Nc3 Qe6 10.Qe4 Bb4 11.Bd2 Bb7 12.Bd3 O-O-O 13.O-O-O c5 14.Qe2 Rhe8 15.f4 d6
16.a3 Bxc3 17.Bxc3 g6 18.Rhf1 Na4 19.Ba5 dxe5 20.fxe5 f5 21.exf6  1-0

[Event "FIDE World Cup 2013"]
[Site "Tromso NOR"]
[Date "2013.08.21"]
[Round "4.2"]
[White "Granda Zuniga,J"]
[Black "Caruana,F"]
[Result "0-1"]
[WhiteElo "2664"]
[BlackElo "2796"]

1.g3 d5 2.Bg2 c5 3.c4 d4 4.d3 Nc6 5.e4 e5 6.Ne2 Be7 7.f4 h5 8.h3 h4 9.g4 g5
10.fxg5 Bxg5 11.O-O f6 12.Nd2 Nge7 13.Nb3 Qd6 14.Rf3 Ng6 15.Qf1 O-O 16.a3 Be6
17.Nd2 a6 18.Rf5 Rae8 19.Kh1 b5 20.cxb5 axb5 21.Nf3 Bxf5 22.exf5 Nf4 23.Nd2 Qc7
24.Ne4 Na5 25.Bxf4 exf4 26.Rc1 Nb3 27.Rc2 c4 28.Ng1 Nc5 29.Nxc5 Qxc5 30.dxc4 Re3
31.b4 Qc7 32.Bd5+ Kh8 33.Rd2 f3 34.Rxd4 Qg3 35.Nxf3 Rfe8 36.Rd1 Re2  0-1

[Event "TCh-ESP CECLUB Div1Gp2 2013"]
[Site "Linares ESP"]
[Date "2013.08.23"]
[Round "5.1"]
[White "Bernal Moro,L"]
[Black "Granda Zuniga,J"]
[Result "1/2-1/2"]
[WhiteElo "2430"]
[BlackElo "2664"]

1.Nf3 d5 2.c4 d4 3.b4 f6 4.e3 e5 5.c5 Nc6 6.Qb3 Nh6 7.Bc4 a5 8.O-O dxe3 9.dxe3 axb4
10.Rd1 Qe7 11.a3 Nf7 12.Bb2 e4 13.Nd4 Nfe5 14.Nxc6 bxc6 15.axb4 Rxa1 16.Bxa1 Nxc4
17.Qxc4 Qe6 18.Qxe6+ Bxe6 19.Nc3 Bf5 20.Ne2 Be7 21.Nd4 Bd7 22.Bc3 Kf7 23.Ra1 f5
24.Ra7 Rc8 25.Kf1 Bf6 26.Ke1 g5 27.Kd2 h5 28.Ne2 Bd8 29.g3 Ke6 30.Bd4 Be8
31.Kc3 Bd7 32.Ra6 Kd5 33.h4 Ke6 34.hxg5 Bxg5 35.Nf4+ Bxf4 36.exf4 Kd5 37.Ra7 Be6
38.Ra1 Bf7 39.Ra7 e3 40.Be5  1/2-1/2

[Event "TCh-ESP CECLUB 5th-12th 2013"]
[Site "Linares ESP"]
[Date "2013.08.24"]
[Round "1.1"]
[White "Sadusea,J"]
[Black "Granda Zuniga,J"]
[Result "0-1"]
[WhiteElo "2110"]
[BlackElo "2664"]

1.e4 c5 2.Nf3 Nc6 3.d4 cxd4 4.Nxd4 e6 5.Nc3 Qc7 6.g3 a6 7.Bg2 Nf6 8.O-O Be7
9.Be3 O-O 10.f4 d6 11.Qe2 Bd7 12.Rad1 Rac8 13.h3 b5 14.Nxc6 Bxc6 15.a3 Qb7
16.Bd4 Rfd8 17.g4 a5 18.Rfe1 Nd7 19.Bf2 b4 20.axb4 axb4 21.Nb1 Nc5 22.b3 Ra8
23.Rd2 Bf8 24.g5 d5 25.Red1 Re8 26.e5 Ne4 27.Bxe4 dxe4 28.Be3 Rec8 29.Qf2 g6
30.h4 Bd5 31.Kh2 Rc6 32.Kg3 Qc7 33.Rh1 Bc5 34.Rh2 Ra1 35.Bxc5 Rxc5 36.Rd1 Ra2
37.Qd4 Rcxc2 38.Rdd2 Rxd2 39.Rxd2 Rxd2 40.Qxd2 Qc5 41.Qe2 Qg1+  0-1

[Event "TCh-ESP CECLUB 5th-12th 2013"]
[Site "Linares ESP"]
[Date "2013.08.25"]
[Round "2.1"]
[White "Granda Zuniga,J"]
[Black "Sadusea,J"]
[Result "1-0"]
[WhiteElo "2664"]
[BlackElo "2110"]

1.c4 e5 2.g3 Nf6 3.Bg2 d5 4.cxd5 Nxd5 5.Nc3 c6 6.Nf3 Nd7 7.O-O Be7 8.d4 exd4
9.Nxd5 cxd5 10.Nxd4 Nf6 11.Be3 O-O 12.Rc1 Qa5 13.Nb3 Qa4 14.a3 Rd8 15.Nd4 Qa6
16.Rc3 Bd7 17.Qd3 Qxd3 18.Rxd3 Rac8 19.Rfd1 h6 20.h3 a6 21.g4 Kf8 22.Bf3 Ne4
23.Nf5 Be6 24.Nxe7 Kxe7 25.Rd4 Rd7 26.Rb4 b5 27.a4 Rc4 28.Rd4 Rxb4 29.Rxb4 Rb7
30.Bd4 f6 31.axb5 axb5 32.e3 Bd7 33.Be2 Kd6 34.f3 Nc5 35.Bc3 Ne6 36.e4 Nf4
37.Bf1 Bc6 38.Bd2 Kc5 39.Rb3 Ne6 40.Bb4+ Kb6 41.exd5 Bxd5 42.Rd3 Rd7 43.Kf2 Bc6
44.Rxd7 Bxd7 45.Ke3 Bc6 46.f4 Nc5 47.f5 Nd7 48.Bd6 Bd5 49.h4 Kc6 50.Be7 Bf7
51.Be2 Bd5 52.Kd4 Bg2 53.Kc3 Kb6 54.Kb4 Ne5 55.Bf8 Bh3 56.Bxg7 Nxg4 57.h5 Ne3
58.Bxh6 Nd5+ 59.Kb3 Bxf5 60.Bg7 Bh7 61.h6 f5 62.Kc2 Nf4 63.Bf1 Ne6 64.b4 Bg6
65.Kd2 Bh7 66.Ke3 Bg6 67.Be5 Ng5 68.Bg2 Ne6 69.Bd5 Nf8 70.Bg7 Nh7 71.Kf4 Kc7
72.Be6  1-0

[Event "ch-ESP Rapid 2013"]
[Site "Linares ESP"]
[Date "2013.08.26"]
[Round "1.1"]
[White "Granda Zuniga,J"]
[Black "Sos Andreu,E"]
[Result "1-0"]
[WhiteElo "2664"]
[BlackElo "2229"]

1.d4 Nf6 2.c4 g6 3.Nc3 Bg7 4.e4 d6 5.f3 O-O 6.Be3 Nc6 7.Nge2 a6 8.Qc2 Rb8
9.Rd1 b5 10.c5 e5 11.dxe5 Nxe5 12.Nf4 Be6 13.Be2 Qe7 14.O-O Bc4 15.b3 Bxe2
16.Ncd5 Nxd5 17.Nxd5 Qh4 18.Qxe2 c6 19.Bf2 Qd8 20.Ne3 f5 21.f4 Nf7 22.exf5 d5
23.fxg6 hxg6 24.f5 Re8 25.fxg6 Nh6 26.Qd3 Qg5 27.Rde1 Re4 28.Nc2 Rbe8 29.Rxe4 Rxe4
30.Re1 Qxg6 31.Rxe4 dxe4 32.Qd6 Qf5 33.Ne3 Qf6 34.Qxf6 Bxf6 35.Nc2 Bc3 36.h3 Kf7
37.Bd4 Ba5 38.g4 Ke6 39.Kf2 Kd5 40.Bg7 Nf7 41.b4 Bd8 42.Ne3+ Ke6 43.a3 Bh4+
44.Ke2 Bg5 45.Bb2 Ne5 46.Bc3 Nd3 47.Nf5 Nf4+ 48.Ke1 Nxh3 49.Bd2 Bxd2+ 50.Kxd2 Nf2
51.Ne3 Ke5 52.g5 Nh3 53.g6 Kf6 54.Nf5 Nf4 55.g7 Kf7 56.Ke3 Nd5+ 57.Kxe4 Nc3+
58.Kf4 Nb1 59.Kg5 Nxa3 60.Kh6  1-0

[Event "ch-ESP Rapid 2013"]
[Site "Linares ESP"]
[Date "2013.08.26"]
[Round "2.1"]
[White "Astasio Lopez,D"]
[Black "Granda Zuniga,J"]
[Result "0-1"]
[WhiteElo "2392"]
[BlackElo "2664"]

1.d4 Nf6 2.Nf3 e6 3.Nbd2 d5 4.e3 c5 5.c3 Nbd7 6.Bd3 g6 7.O-O Bg7 8.e4 dxe4
9.Nxe4 Nxe4 10.Bxe4 O-O 11.Be3 Qc7 12.Qd2 Nf6 13.Bd3 b6 14.Bf4 Qe7 15.dxc5 bxc5
16.Rad1 Bb7 17.Be2 Rfd8 18.Bd6 Qe8 19.Qe3 Rac8 20.c4 Qc6 21.Be7 Rd7 22.Rxd7 Nxd7
23.Rd1 Re8 24.Bg5 Bxb2 25.Bf1 e5 26.Qe2 Bc3 27.Rd3 Ba5 28.Qd1 Bc8 29.Rd6 Qc7
30.Rd5 f6 31.Be3 Bc3 32.Qa4 Bd4 33.Bxd4 exd4 34.h3 Re7 35.Qa3 Bb7 36.Rxd4 Bxf3
37.gxf3 Nb6 38.Re4 Rd7 39.Qe3 Kg7 40.Re8 Qd6 41.Kg2 Rf7 42.Re4 Nd7 43.f4 f5
44.Re6 Qc7 45.Qc3+ Nf6 46.Qe5 Qb7+ 47.Kg1 Qb1 48.a4 Qb4 49.Ra6 Qb7 50.Re6 Qc7
51.Bg2 Qxe5 52.fxe5 Nh5 53.Rc6 Nf4 54.Bd5 Re7 55.e6 Nd3 56.a5 Kf6 57.a6 Ke5
58.Rc8 Nf4 59.Bb7 Nxe6 60.Ra8 Kd4 61.Rxa7 Nd8 62.Ra8 Nxb7 63.axb7 Rxb7 64.Ra4 Kc3
65.Kg2 Kb3 66.Ra1 Kxc4 67.Kg3 Rc7 68.Kf4 Kb3 69.Ke5 c4 70.Kd6 Kb2 71.Ra7  0-1

[Event "ch-ESP Rapid 2013"]
[Site "Linares ESP"]
[Date "2013.08.26"]
[Round "3.1"]
[White "Granda Zuniga,J"]
[Black "Narciso Dublan,M"]
[Result "0-1"]
[WhiteElo "2664"]
[BlackElo "2505"]

1.Nf3 Nf6 2.g3 d5 3.c4 e6 4.Bg2 g6 5.b3 Bg7 6.Bb2 O-O 7.O-O b6 8.d4 Bb7 9.Nbd2 Na6
10.Rc1 Qe7 11.e3 c5 12.Qe2 Rac8 13.a3 Rfd8 14.Rfd1 Ne4 15.Nxe4 dxe4 16.Ne1 e5
17.d5 f5 18.g4 Rd6 19.Rc2 Rf8 20.f3 exf3 21.Nxf3 e4 22.Nd2 Bxb2 23.Rxb2 Nb8
24.Qe1 Nd7 25.Qg3 Qe5 26.Nf1 f4 27.Qf2 Nb8  0-1

[Event "ch-ESP Rapid 2013"]
[Site "Linares ESP"]
[Date "2013.08.26"]
[Round "4.9"]
[White "Cruz Ravina,F"]
[Black "Granda Zuniga,J"]
[Result "0-1"]
[WhiteElo "2345"]
[BlackElo "2664"]

1.e4 c5 2.Nf3 Nc6 3.d3 d5 4.Nbd2 d4 5.g3 e5 6.Bg2 Bd6 7.O-O Nge7 8.Nh4 g5
9.Nf5 Nxf5 10.exf5 Bxf5 11.Ne4 Be7 12.f4 exf4 13.gxf4 gxf4 14.Bxf4 Qd7 15.Qf3 O-O-O
16.Bg3 Be6 17.Nf6 Bxf6 18.Qxf6 Rhg8 19.Rae1 h5 20.Re4 Rg4 21.Rxg4 hxg4 22.Qf4 a5
23.a3 a4 24.b4 cxb4 25.axb4 b5 26.Qg5 f5 27.Qf4 Kb7 28.Re1 Rc8 29.Re5 Ka6
30.Rc5 Na7 31.Rxc8 Nxc8 32.Qb8 Qa7 33.Qe5 Bd7 34.Qd5 Nb6 35.Qxd4 Nc8 36.Bf2 Qxd4
37.Bxd4 Be6 38.Kf2 Ne7 39.Be5 Bd5 40.Bf6 Ng8 41.Bxd5 Nxf6 42.Ba2 f4 43.c4 Kb6
44.d4 Ne4+  0-1

[Event "ch-ESP Rapid 2013"]
[Site "Linares ESP"]
[Date "2013.08.26"]
[Round "5.4"]
[White "Granda Zuniga,J"]
[Black "Moreno Trujillo,A"]
[Result "1-0"]
[WhiteElo "2664"]
[BlackElo "2533"]

1.d4 d5 2.c4 c6 3.e3 Nf6 4.Nf3 Bf5 5.Nbd2 h6 6.b4 e6 7.Qb3 a6 8.c5 Nbd7 9.Bb2 Be7
10.Be2 O-O 11.O-O Qc7 12.Rfc1 b6 13.Qc3 a5 14.a3 Rfc8 15.Ne1 b5 16.a4 axb4
17.Qxb4 bxa4 18.Rxa4 Rxa4 19.Qxa4 e5 20.dxe5 Ne4 21.Nxe4 Bxe4 22.Qd4 Rb8
23.Nd3 Bxd3 24.Bxd3 Nxc5 25.Bc2 Kf8 26.h3 Ne6 27.Qc3 c5 28.Ba1 Qb7 29.Qd3 Qa8
30.Qh7 Ke8 31.Bf5 Bf8 32.Qg8 Qc6 33.f4 g6 34.Bxg6 fxg6 35.Qxg6+ Kd7 36.f5 Nd8
37.Qg8 Be7 38.Rd1 Kc7 39.Qg7 Qd7 40.e6 Nxe6 41.fxe6 Qxe6 42.Be5+ Kc8 43.Qh8+  1-0

[Event "ch-ESP Rapid 2013"]
[Site "Linares ESP"]
[Date "2013.08.27"]
[Round "6.2"]
[White "Perez Mitjans,O"]
[Black "Granda Zuniga,J"]
[Result "0-1"]
[WhiteElo "2475"]
[BlackElo "2664"]

1.e4 c5 2.Nf3 Nc6 3.d4 cxd4 4.Nxd4 e6 5.Nc3 Qc7 6.g3 a6 7.Bg2 Nf6 8.O-O d6
9.Re1 Bd7 10.Nxc6 bxc6 11.b3 Be7 12.Bb2 e5 13.Qd3 O-O 14.Nd1 a5 15.a4 Be6
16.Ne3 Nd7 17.Rad1 Nc5 18.Qe2 Rfd8 19.Nc4 f6 20.Ne3 Bf8 21.Ba3 Bf7 22.Rd2 Ne6
23.Bb2 c5 24.Nd5 Qb7 25.Qb5 Qxb5 26.axb5 Nd4 27.Bxd4 cxd4 28.Ra1 Bxd5 29.exd5 Rdb8
30.Bf1 Be7 31.Ra4 Bd8 32.Rd1 Rc8 33.Bc4 Bb6 34.Kf1 e4 35.Ke2 f5 36.h4 Kf7
37.Rda1 Kf6 38.Kf1 Ra7 39.Ke2 Re7 40.Rf1 g6 41.Rd1 Rce8 42.Rf1 f4 43.gxf4 Kf5
44.f3 d3+ 45.Kd1 dxc2+ 46.Kxc2 e3 47.Bd3+ Kf6 48.Re4 Rc8+ 49.Bc4 a4 50.Ra1 Ba5
51.Rxe7 Kxe7 52.Kd3 axb3 53.Rxa5 Rxc4 54.Ra1 Rb4 55.Kxe3 Kf6 56.Rb1 Kf5 57.b6 Rxb6
58.Rb2 Rb7 59.Kd3 Kxf4 60.Kd4  0-1